000 01078nam a2200313 i 4500
001 000002482
003 DO-SdBNP
005 20241205095218.0
007 ta
008 090702s2001 dr ac r 000 0 spa d
020 _a9993401986
040 _aDO-SdBNP
_bspa
_cBNPHU
_erda
041 _hspa
082 4 _a509.2
_bH798g
_222
100 1 _aHoppe, Jürgen
_eautor
_97822
245 1 0 _aGrandes exploradores en tierras de La Española /
_cJürgen Hoppe.
264 _aSanto Domingo :
_bGrupo León Jimenes,
_c2001.
300 _a122 páginas :
_bilustraciones, retratos. ;
_c28 cm.
336 _ardacontent
_btexto
_2txt
337 _ardamedia
_bsin mediación
_2n
338 _ardacarrier
_bvolumen
_2nc
504 _aBibliografía : p. 121-122.
590 _aInventariado, 2018/BT
650 4 _aCientíficos
_97823
_vBiografías
650 4 _aNaturalistas
_97824
_vBiografías
650 4 _aHistoria natural
_xDescubrimientos y exploraciones
_zLa Española (Haití y República Dominicana)
_97825
_vBiografías
910 _aValidado. Control de calidad. EMS
942 _2ddc
_cLBS1
999 _c2318
_d2318